[Event "Blitz 2018"]
[Site "Saint-Petersburg"]
[Date "2018.12.30"]
[Round "13"]
[Board "54"]
[White "Mchedlishvili Mikheil (GEO)"]
[Black "Anisimov Pavel (RUS)"]
[Result "1/2-1/2"]
[LiveChessVersion "1.4.8"]
[BlackElo "2519"]
[WhiteElo "2607"]

1. Nf3 {[%clk 0:03:02]} Nf6 {[%clk 0:03:02]} 2. c4 {[%clk 0:03:02]} e6
{[%clk 0:03:02]} 3. Nc3 {[%clk 0:03:01]} Bb4 {[%clk 0:03:03]} 4. Qc2
{[%clk 0:02:58]} O-O {[%clk 0:03:03]} 5. a3 {[%clk 0:02:58]} Bxc3
{[%clk 0:03:04]} 6. Qxc3 {[%clk 0:02:59]} c5 {[%clk 0:03:05]} 7. b4
{[%clk 0:02:50]} b6 {[%clk 0:03:07]} 8. Bb2 {[%clk 0:02:49]} Bb7 {[%clk 0:03:08]}
9. e3 {[%clk 0:02:45]} Qe7 {[%clk 0:03:07]} 10. Be2 {[%clk 0:02:42]} Rc8
{[%clk 0:03:04]} 11. b5 {[%clk 0:02:23]} d5 {[%clk 0:03:03]} 12. d3
{[%clk 0:02:22]} Nbd7 {[%clk 0:02:55]} 13. O-O {[%clk 0:02:23]} dxc4
{[%clk 0:02:52]} 14. dxc4 {[%clk 0:02:23]} Ne8 {[%clk 0:02:54]} 15. a4
{[%clk 0:02:16]} a5 {[%clk 0:02:45]} 16. Rad1 {[%clk 0:02:06]} f6
{[%clk 0:02:42]} 17. Nd2 {[%clk 0:02:02]} Nd6 {[%clk 0:02:37]} 18. Qc2
{[%clk 0:01:58]} Re8 {[%clk 0:02:15]} 19. Bd3 {[%clk 0:01:59]} Nf8
{[%clk 0:02:09]} 20. f4 {[%clk 0:01:49]} Rad8 {[%clk 0:01:47]} 21. e4
{[%clk 0:01:50]} Nf7 {[%clk 0:01:44]} 22. Nf3 {[%clk 0:01:46]} Rd7
{[%clk 0:01:39]} 23. Qe2 {[%clk 0:01:47]} Red8 {[%clk 0:01:40]} 24. Bc2
{[%clk 0:01:49]} Rxd1 {[%clk 0:01:40]} 25. Rxd1 {[%clk 0:01:50]} Rxd1+
{[%clk 0:01:40]} 26. Qxd1 {[%clk 0:01:51]} Qd6 {[%clk 0:01:41]} 27. Qc1
{[%clk 0:01:35]} Ng6 {[%clk 0:01:36]} 28. g3 {[%clk 0:01:36]} Nf8
{[%clk 0:01:35]} 29. Qe3 {[%clk 0:01:36]} Qd7 {[%clk 0:01:34]} 30. Bc3
{[%clk 0:01:37]} Nd6 {[%clk 0:01:27]} 31. Nd2 {[%clk 0:01:36]} Nf7
{[%clk 0:01:27]} 32. Kf2 {[%clk 0:01:36]} e5 {[%clk 0:01:24]} 33. f5
{[%clk 0:01:31]} Nd6 {[%clk 0:01:22]} 34. Qd3 {[%clk 0:01:28]} Qe7
{[%clk 0:01:14]} 35. g4 {[%clk 0:01:26]} h6 {[%clk 0:01:11]} 36. h4
{[%clk 0:01:25]} Nf7 {[%clk 0:01:06]} 37. Nf1 {[%clk 0:01:23]} Nd6
{[%clk 0:01:01]} 38. Qe2 {[%clk 0:01:19]} Qf7 {[%clk 0:01:01]} 39. Nd2
{[%clk 0:01:19]} Qe7 {[%clk 0:00:59]} 40. Bd3 {[%clk 0:01:20]} g5
{[%clk 0:00:55]} 41. hxg5 {[%clk 0:01:08]} hxg5 {[%clk 0:00:56]} 42. Kg3
{[%clk 0:01:01]} Qf7 {[%clk 0:00:56]} 43. Qh2 {[%clk 0:00:57]} Nd7
{[%clk 0:00:54]} 44. Qh6 {[%clk 0:00:52]} Qg7 {[%clk 0:00:54]} 45. Qxg7+
{[%clk 0:00:49]} Kxg7 {[%clk 0:00:55]} 46. Kf2 {[%clk 0:00:50]} Nf7
{[%clk 0:00:54]} 47. Ke3 {[%clk 0:00:51]} Nd6 {[%clk 0:00:55]} 48. Nb3
{[%clk 0:00:52]} Bc8 {[%clk 0:00:51]} 49. Nxa5 {[%clk 0:00:46]} bxa5
{[%clk 0:00:50]} 50. Bxa5 {[%clk 0:00:48]} Kf7 {[%clk 0:00:49]} 51. Bc7
{[%clk 0:00:48]} Ne8 {[%clk 0:00:47]} 52. Bd8 {[%clk 0:00:48]} Nd6
{[%clk 0:00:41]} 53. a5 {[%clk 0:00:47]} Nb7 {[%clk 0:00:40]} 54. Bc7
{[%clk 0:00:47]} Ke7 {[%clk 0:00:39]} 55. a6 {[%clk 0:00:48]} Nd6
{[%clk 0:00:39]} 56. Kd2 {[%clk 0:00:38]} Ne8 57. Ba5 {[%clk 0:00:39]} Kd6
{[%clk 0:00:40]} 58. Bc2 {[%clk 0:00:35]} Nc7 {[%clk 0:00:40]} 59. Kd3
{[%clk 0:00:34]} Na8 {[%clk 0:00:27]} 60. Bd8 {[%clk 0:00:33]} Nab6
{[%clk 0:00:24]} 61. Kc3 {[%clk 0:00:34]} Na8 {[%clk 0:00:23]} 62. Bd3
{[%clk 0:00:34]} 1/2-1/2

[Event "Blitz 2018"]
[Site "Saint-Petersburg"]
[Date "2018.12.30"]
[Round "13"]
[Board "55"]
[White "Belozerov Andrei (RUS)"]
[Black "Saric Ivan (CRO)"]
[Result "0-1"]
[LiveChessVersion "1.4.8"]
[BlackElo "2572"]
[WhiteElo "2518"]

1. e4 {[%clk 0:03:02]} d6 {[%clk 0:03:04]} 2. d4 {[%clk 0:03:02]} g6
{[%clk 0:03:05]} 3. Nf3 {[%clk 0:03:03]} Bg7 {[%clk 0:03:04]} 4. Bc4 Nf6
{[%clk 0:03:04]} 5. Qe2 {[%clk 0:03:02]} Nc6 {[%clk 0:03:05]} 6. e5
{[%clk 0:02:16]} dxe5 {[%clk 0:03:06]} 7. dxe5 {[%clk 0:02:17]} Ng4
{[%clk 0:03:07]} 8. e6 {[%clk 0:02:08]} Bxe6 {[%clk 0:03:08]} 9. Bxe6
{[%clk 0:02:08]} fxe6 {[%clk 0:03:09]} 10. O-O {[%clk 0:02:02]} Qd6
{[%clk 0:03:05]} 11. c3 {[%clk 0:01:31]} O-O-O {[%clk 0:02:59]} 12. h3
{[%clk 0:01:27]} Nge5 {[%clk 0:02:43]} 13. Ng5 {[%clk 0:01:27]} h6
{[%clk 0:02:33]} 14. Ne4 {[%clk 0:01:26]} Qd3 {[%clk 0:02:18]} 15. Qxd3
{[%clk 0:01:25]} Nxd3 {[%clk 0:02:19]} 16. Nbd2 {[%clk 0:01:16]} Nce5
{[%clk 0:02:05]} 17. Rb1 {[%clk 0:01:12]} Rhf8 {[%clk 0:01:49]} 18. b3
{[%clk 0:01:01]} b6 {[%clk 0:01:41]} 19. g3 {[%clk 0:00:42]} c5 {[%clk 0:01:14]}
20. Kg2 {[%clk 0:00:41]} g5 {[%clk 0:01:11]} 21. a4 {[%clk 0:00:29]} Kb7
{[%clk 0:00:36]} 22. Nc4 {[%clk 0:00:24]} Nxc4 {[%clk 0:00:35]} 23. bxc4
{[%clk 0:00:25]} Kc6 {[%clk 0:00:32]} 24. Be3 {[%clk 0:00:19]} Ne5
{[%clk 0:00:32]} 25. h4 {[%clk 0:00:17]} gxh4 {[%clk 0:00:32]} 26. Bf4
{[%clk 0:00:13]} Nxc4 {[%clk 0:00:30]} 27. Rh1 {[%clk 0:00:14]} e5
{[%clk 0:00:25]} 28. Bc1 {[%clk 0:00:13]} hxg3 {[%clk 0:00:26]} 29. fxg3
{[%clk 0:00:12]} Kd5 {[%clk 0:00:21]} 30. Nf2 {[%clk 0:00:12]} Rd6
{[%clk 0:00:10]} 31. Rh4 {[%clk 0:00:10]} Rdf6 {[%clk 0:00:09]} 32. Ne4
{[%clk 0:00:11]} Rf1 {[%clk 0:00:09]} 33. Bxh6 {[%clk 0:00:09]} Rxb1
{[%clk 0:00:09]} 34. Bxg7 {[%clk 0:00:10]} Ne3+ {[%clk 0:00:10]} 35. Kh2
{[%clk 0:00:10]} Rf7 {[%clk 0:00:10]} 36. Bh6 {[%clk 0:00:09]} Nf5
{[%clk 0:00:07]} 37. c4+ {[%clk 0:00:08]} Kc6 {[%clk 0:00:07]} 38. Rh5
{[%clk 0:00:09]} Re1 {[%clk 0:00:07]} 39. Ng5 {[%clk 0:00:08]} Rf6
{[%clk 0:00:08]} 40. Bg7 {[%clk 0:00:03]} Nxg7 41. Rh7 Ne6 {[%clk 0:00:09]} 0-1

[Event "Blitz 2018"]
[Site "Saint-Petersburg"]
[Date "2018.12.30"]
[Round "13"]
[Board "56"]
[White "Bilguun Sumiya (MGL)"]
[Black "Grachev Boris (RUS)"]
[Result "0-1"]
[LiveChessVersion "1.4.8"]
[BlackElo "2571"]
[WhiteElo "2469"]

1. e4 {[%clk 0:03:02]} c5 {[%clk 0:03:03]} 2. Nf3 {[%clk 0:03:02]} e6
{[%clk 0:03:05]} 3. d4 {[%clk 0:03:02]} cxd4 {[%clk 0:03:06]} 4. Nxd4
{[%clk 0:03:03]} Nc6 {[%clk 0:03:07]} 5. Nc3 {[%clk 0:03:03]} a6 {[%clk 0:03:08]}
6. Nxc6 {[%clk 0:03:03]} bxc6 {[%clk 0:03:09]} 7. Bd3 {[%clk 0:03:04]} d5
{[%clk 0:03:09]} 8. O-O {[%clk 0:03:03]} Nf6 {[%clk 0:03:10]} 9. Qe2
{[%clk 0:03:02]} Be7 {[%clk 0:03:11]} 10. b3 {[%clk 0:03:03]} O-O
{[%clk 0:03:07]} 11. Bb2 {[%clk 0:03:02]} Bb7 {[%clk 0:03:08]} 12. Na4
{[%clk 0:03:02]} Qc7 {[%clk 0:02:59]} 13. e5 {[%clk 0:03:01]} Nd7
{[%clk 0:02:59]} 14. c4 {[%clk 0:03:02]} dxc4 {[%clk 0:02:35]} 15. Bxc4
{[%clk 0:03:02]} Nb6 {[%clk 0:02:33]} 16. Nxb6 {[%clk 0:03:00]} Qxb6
{[%clk 0:02:33]} 17. Rac1 {[%clk 0:03:01]} a5 {[%clk 0:02:14]} 18. Rc3
{[%clk 0:02:22]} Rfd8 {[%clk 0:02:12]} 19. Rh3 {[%clk 0:01:54]} g6
{[%clk 0:02:02]} 20. Qg4 {[%clk 0:01:20]} c5 {[%clk 0:01:53]} 21. Qf4
{[%clk 0:01:17]} Qc6 {[%clk 0:01:35]} 22. f3 {[%clk 0:01:08]} Bf8
{[%clk 0:01:35]} 23. Re1 {[%clk 0:00:38]} Qd7 {[%clk 0:01:07]} 24. Bc3
{[%clk 0:00:35]} a4 {[%clk 0:01:03]} 25. Qh4 {[%clk 0:00:28]} h6 {[%clk 0:01:03]}
26. f4 {[%clk 0:00:27]} axb3 {[%clk 0:00:59]} 27. axb3 {[%clk 0:00:26]} Ra2
{[%clk 0:00:48]} 28. Rg3 {[%clk 0:00:27]} Rc2 {[%clk 0:00:48]} 29. f5
{[%clk 0:00:25]} g5 {[%clk 0:00:28]} 30. fxe6 {[%clk 0:00:24]} fxe6
{[%clk 0:00:28]} 31. Qg4 {[%clk 0:00:24]} Bd5 {[%clk 0:00:21]} 32. h4
{[%clk 0:00:20]} Bxc4 {[%clk 0:00:20]} 33. Qxc4 {[%clk 0:00:21]} Be7
{[%clk 0:00:14]} 34. Qe4 {[%clk 0:00:16]} Rxc3 {[%clk 0:00:09]} 35. Qg6+
{[%clk 0:00:17]} Kh8 {[%clk 0:00:10]} 36. Qxh6+ Kg8 {[%clk 0:00:12]} 37. Qg6+
{[%clk 0:00:19]} Kh8 {[%clk 0:00:13]} 38. Qh6+ {[%clk 0:00:10]} Kg8
{[%clk 0:00:15]} 39. Qg6+ {[%clk 0:00:05]} Kh8 {[%clk 0:00:15]} 40. Qh5+
{[%clk 0:00:07]} Kg7 {[%clk 0:00:13]} 41. Rf1 {[%clk 0:00:05]} Qd4+
{[%clk 0:00:11]} 42. Kh1 {[%clk 0:00:05]} Rf8 {[%clk 0:00:03]} 43. Rxg5+
{[%clk 0:00:04]} Bxg5 {[%clk 0:00:04]} 44. Qxg5+ {[%clk 0:00:05]} Kh7
{[%clk 0:00:06]} 45. Qh5+ {[%clk 0:00:04]} Kg7 {[%clk 0:00:07]} 46. Qg5+
{[%clk 0:00:04]} Kh7 {[%clk 0:00:09]} 47. Qe7+ {[%clk 0:00:06]} Kg6
{[%clk 0:00:10]} 48. Qxe6+ {[%clk 0:00:05]} Kh5 {[%clk 0:00:10]} 49. Rf5+
{[%clk 0:00:03]} Rxf5 {[%clk 0:00:09]} 50. Qxf5+ {[%clk 0:00:04]} Kxh4
{[%clk 0:00:06]} 51. Qf6+ {[%clk 0:00:04]} Kg4 {[%clk 0:00:06]} 52. Qg6+
{[%clk 0:00:00]} Kf4 {[%clk 0:00:06]} 0-1

[Event "Blitz 2018"]
[Site "Saint-Petersburg"]
[Date "2018.12.30"]
[Round "13"]
[Board "57"]
[White "Khanin Semen (RUS)"]
[Black "Usmanov Vasily (RUS)"]
[Result "0-1"]
[LiveChessVersion "1.4.8"]
[BlackElo "2459"]
[WhiteElo "2564"]

1. e4 {[%clk 0:03:03]} d5 {[%clk 0:03:04]} 2. exd5 {[%clk 0:03:04]} Qxd5
{[%clk 0:03:05]} 3. Nc3 {[%clk 0:03:05]} Qd8 {[%clk 0:03:06]} 4. d4
{[%clk 0:03:05]} Nf6 {[%clk 0:03:06]} 5. Nf3 {[%clk 0:03:04]} c6 {[%clk 0:03:08]}
6. Be2 {[%clk 0:02:56]} Bf5 {[%clk 0:03:08]} 7. O-O {[%clk 0:02:54]} h6
{[%clk 0:03:09]} 8. h3 {[%clk 0:02:54]} e6 {[%clk 0:03:10]} 9. Bf4
{[%clk 0:02:53]} Nbd7 {[%clk 0:03:06]} 10. Bd3 {[%clk 0:02:38]} Bxd3
{[%clk 0:03:03]} 11. Qxd3 {[%clk 0:02:38]} Be7 {[%clk 0:03:04]} 12. Rfe1
{[%clk 0:02:35]} O-O {[%clk 0:03:04]} 13. Bh2 {[%clk 0:02:28]} Qa5
{[%clk 0:02:45]} 14. a3 {[%clk 0:02:25]} Rfd8 {[%clk 0:02:39]} 15. b4 Qh5
{[%clk 0:02:31]} 16. Ne4 {[%clk 0:02:08]} Nxe4 {[%clk 0:02:30]} 17. Rxe4
{[%clk 0:02:07]} a5 {[%clk 0:02:12]} 18. Rb1 {[%clk 0:01:35]} axb4
{[%clk 0:02:13]} 19. axb4 {[%clk 0:01:36]} Qf5 {[%clk 0:01:41]} 20. Qe2
{[%clk 0:01:32]} Ra2 {[%clk 0:01:36]} 21. Qc4 {[%clk 0:00:51]} Rda8
{[%clk 0:01:36]} 22. Rbe1 {[%clk 0:00:40]} Nb6 {[%clk 0:01:30]} 23. Qe2
{[%clk 0:00:25]} Nd5 {[%clk 0:01:26]} 24. Re5 {[%clk 0:00:13]} Qxc2
{[%clk 0:01:26]} 25. Qxc2 {[%clk 0:00:13]} Rxc2 {[%clk 0:01:26]} 26. b5
{[%clk 0:00:14]} Bb4 {[%clk 0:00:59]} 27. Rb1 {[%clk 0:00:13]} cxb5
{[%clk 0:00:58]} 28. Bg3 {[%clk 0:00:11]} Bd6 {[%clk 0:00:54]} 29. Rxd5
{[%clk 0:00:11]} Bxg3 {[%clk 0:00:55]} 30. Rdxb5 {[%clk 0:00:10]} Bxf2+
{[%clk 0:00:53]} 31. Kh2 {[%clk 0:00:10]} Raa2 {[%clk 0:00:53]} 32. Rxb7
{[%clk 0:00:07]} Be3 {[%clk 0:00:41]} 33. Ne1 {[%clk 0:00:08]} Re2
{[%clk 0:00:42]} 34. Rd7 {[%clk 0:00:07]} Bf4+ {[%clk 0:00:42]} 35. Kg1
{[%clk 0:00:07]} Bg3 {[%clk 0:00:43]} 36. Kf1 {[%clk 0:00:07]} Rf2+
{[%clk 0:00:42]} 37. Kg1 {[%clk 0:00:08]} Rfe2 {[%clk 0:00:43]} 38. Kf1
{[%clk 0:00:07]} Bxe1 {[%clk 0:00:43]} 39. Rxe1 {[%clk 0:00:07]} Rf2+
{[%clk 0:00:44]} 40. Kg1 {[%clk 0:00:08]} Rxg2+ {[%clk 0:00:45]} 41. Kh1
{[%clk 0:00:09]} Rh2+ {[%clk 0:00:46]} 42. Kg1 {[%clk 0:00:10]} Rxh3
{[%clk 0:00:43]} 43. Rb1 {[%clk 0:00:10]} Rf3 {[%clk 0:00:42]} 44. Rbb7
{[%clk 0:00:08]} g5 {[%clk 0:00:41]} 45. d5 {[%clk 0:00:08]} exd5
{[%clk 0:00:41]} 46. Rxd5 {[%clk 0:00:09]} Kg7 {[%clk 0:00:40]} 47. Rb6
{[%clk 0:00:09]} Rf6 {[%clk 0:00:40]} 48. Rb3 {[%clk 0:00:09]} Kg6
{[%clk 0:00:39]} 49. Rg3 {[%clk 0:00:10]} Rb6 {[%clk 0:00:39]} 50. Rd1
{[%clk 0:00:08]} f6 {[%clk 0:00:37]} 51. Rf1 {[%clk 0:00:09]} Rbb2
{[%clk 0:00:37]} 52. Kh1 {[%clk 0:00:09]} h5 {[%clk 0:00:38]} 53. Rd1
{[%clk 0:00:07]} h4 {[%clk 0:00:38]} 54. Rgd3 {[%clk 0:00:07]} g4
{[%clk 0:00:34]} 55. Kg1 {[%clk 0:00:08]} f5 {[%clk 0:00:35]} 56. Rd6+
{[%clk 0:00:08]} Kg5 {[%clk 0:00:36]} 57. Rd8 {[%clk 0:00:09]} Rg2+
{[%clk 0:00:35]} 58. Kh1 {[%clk 0:00:10]} Rh2+ {[%clk 0:00:36]} 59. Kg1
{[%clk 0:00:11]} Rhg2+ {[%clk 0:00:33]} 60. Kh1 {[%clk 0:00:12]} Rgf2
{[%clk 0:00:34]} 61. Kg1 {[%clk 0:00:12]} g3 {[%clk 0:00:35]} 62. Rg8+
{[%clk 0:00:12]} Kf4 {[%clk 0:00:36]} 63. Rgd8 {[%clk 0:00:11]} h3
{[%clk 0:00:33]} 64. R1d4+ {[%clk 0:00:11]} Ke5 {[%clk 0:00:24]} 65. R8d5+
{[%clk 0:00:11]} Kf6 {[%clk 0:00:25]} 66. Rd6+ {[%clk 0:00:11]} Kg5
{[%clk 0:00:27]} 67. Rd1 {[%clk 0:00:10]} Rg2+ {[%clk 0:00:27]} 68. Kh1
{[%clk 0:00:11]} Rh2+ {[%clk 0:00:27]} 0-1

[Event "Blitz 2018"]
[Site "Saint-Petersburg"]
[Date "2018.12.30"]
[Round "13"]
[Board "58"]
[White "Pershin Denis (RUS)"]
[Black "Moiseenko Vadim (RUS)"]
[Result "0-1"]
[LiveChessVersion "1.4.8"]
[BlackElo "2560"]
[WhiteElo "2354"]

1. e4 {[%clk 0:03:02]} e5 {[%clk 0:03:02]} 2. Nf3 {[%clk 0:03:02]} Nc6
{[%clk 0:03:03]} 3. Bc4 {[%clk 0:03:02]} Nf6 {[%clk 0:03:02]} 4. d3
{[%clk 0:03:03]} Be7 {[%clk 0:03:02]} 5. a3 {[%clk 0:02:58]} O-O {[%clk 0:03:01]}
6. O-O {[%clk 0:02:54]} d5 {[%clk 0:03:02]} 7. exd5 {[%clk 0:02:53]} Nxd5
{[%clk 0:03:03]} 8. h3 {[%clk 0:02:54]} Nb6 {[%clk 0:02:51]} 9. Ba2
{[%clk 0:02:55]} Qd6 {[%clk 0:02:39]} 10. Re1 {[%clk 0:02:48]} Qg6
{[%clk 0:02:25]} 11. Kh1 {[%clk 0:02:25]} Bf5 {[%clk 0:02:11]} 12. Nc3
{[%clk 0:02:18]} Rad8 {[%clk 0:02:06]} 13. Nxe5 {[%clk 0:02:00]} Nxe5
{[%clk 0:02:06]} 14. Rxe5 {[%clk 0:02:01]} Bf6 {[%clk 0:01:58]} 15. Re1
{[%clk 0:01:56]} c5 {[%clk 0:01:59]} 16. Qf3 {[%clk 0:01:49]} c4 {[%clk 0:01:46]}
17. Ne4 {[%clk 0:01:36]} cxd3 {[%clk 0:01:45]} 18. cxd3 {[%clk 0:01:37]} Bd4
{[%clk 0:01:45]} 19. Rb1 {[%clk 0:01:04]} Nd7 {[%clk 0:01:46]} 20. Bf4
{[%clk 0:00:43]} Ne5 {[%clk 0:01:46]} 21. Bxe5 {[%clk 0:00:43]} Bxe5
{[%clk 0:01:46]} 22. Ng3 {[%clk 0:00:44]} Bxd3 {[%clk 0:01:35]} 23. Rbd1
{[%clk 0:00:34]} Bxb2 {[%clk 0:01:35]} 24. Rd2 {[%clk 0:00:05]} Bc3
{[%clk 0:01:30]} 25. Red1 {[%clk 0:00:06]} Bxd2 {[%clk 0:01:26]} 26. Rxd2
{[%clk 0:00:07]} b6 {[%clk 0:01:16]} 27. Qb7 {[%clk 0:00:07]} Ba6
{[%clk 0:01:09]} 28. Qxa6 {[%clk 0:00:06]} Rxd2 {[%clk 0:01:10]} 29. Bc4
{[%clk 0:00:07]} Rxf2 {[%clk 0:01:08]} 30. Kh2 {[%clk 0:00:05]} h5
{[%clk 0:01:02]} 31. Qb7 {[%clk 0:00:03]} Qd6 {[%clk 0:00:58]} 32. h4
{[%clk 0:00:04]} Rf4 {[%clk 0:00:58]} 0-1

[Event "Blitz 2018"]
[Site "Saint-Petersburg"]
[Date "2018.12.30"]
[Round "13"]
[Board "60"]
[White "Khismatullin Denis (RUS)"]
[Black "Vishnu Prasanna. V (IND)"]
[Result "0-1"]
[LiveChessVersion "1.4.8"]
[BlackElo "2519"]
[WhiteElo "2674"]

1. d4 {[%clk 0:03:02]} Nf6 {[%clk 0:03:03]} 2. c4 {[%clk 0:03:03]} e6
{[%clk 0:03:04]} 3. Nc3 {[%clk 0:03:04]} Bb4 {[%clk 0:03:04]} 4. Nf3
{[%clk 0:03:05]} d5 {[%clk 0:03:03]} 5. e3 {[%clk 0:03:04]} O-O {[%clk 0:03:02]}
6. Bd2 {[%clk 0:03:02]} b6 {[%clk 0:02:58]} 7. Rc1 {[%clk 0:03:01]} a6
{[%clk 0:02:54]} 8. cxd5 {[%clk 0:02:59]} exd5 {[%clk 0:02:53]} 9. Bd3
{[%clk 0:02:59]} Bb7 {[%clk 0:02:49]} 10. O-O {[%clk 0:02:53]} Nbd7
{[%clk 0:02:49]} 11. Ne5 {[%clk 0:02:52]} Re8 {[%clk 0:02:18]} 12. f4
{[%clk 0:02:41]} c5 {[%clk 0:02:09]} 13. a3 {[%clk 0:02:28]} Bxc3
{[%clk 0:02:03]} 14. Bxc3 {[%clk 0:02:28]} Rc8 {[%clk 0:01:55]} 15. Bf5
{[%clk 0:01:19]} Rc7 {[%clk 0:01:40]} 16. Nxd7 {[%clk 0:01:19]} Nxd7
{[%clk 0:01:40]} 17. dxc5 {[%clk 0:01:19]} Nxc5 {[%clk 0:01:37]} 18. Qh5
{[%clk 0:00:57]} g6 {[%clk 0:01:33]} 19. Qh6 {[%clk 0:00:46]} f6 {[%clk 0:01:34]}
20. Rf3 {[%clk 0:00:24]} d4 {[%clk 0:01:14]} 21. Rg3 {[%clk 0:00:23]} Rxe3
{[%clk 0:01:00]} 22. Rxe3 {[%clk 0:00:19]} dxe3 {[%clk 0:01:00]} 23. Bc2
{[%clk 0:00:10]} Nd3 {[%clk 0:00:54]} 24. Rd1 {[%clk 0:00:07]} Rxc3
{[%clk 0:00:54]} 25. bxc3 {[%clk 0:00:06]} e2 {[%clk 0:00:55]} 26. Bb3+
{[%clk 0:00:04]} Bd5 {[%clk 0:00:46]} 0-1

[Event "Blitz 2018"]
[Site "Saint-Petersburg"]
[Date "2018.12.30"]
[Round "13"]
[Board "61"]
[White "Motylev Alexander (RUS)"]
[Black "Drygalov Andrey (RUS)"]
[Result "1-0"]
[LiveChessVersion "1.4.8"]
[BlackElo "2509"]
[WhiteElo "2609"]

1. e4 {[%clk 0:02:32]} c5 {[%clk 0:03:03]} 2. Nf3 {[%clk 0:02:33]} d6
{[%clk 0:03:04]} 3. d4 {[%clk 0:02:34]} cxd4 {[%clk 0:03:05]} 4. Nxd4
{[%clk 0:02:35]} Nf6 {[%clk 0:03:06]} 5. Nc3 {[%clk 0:02:36]} a6 {[%clk 0:03:07]}
6. Be3 {[%clk 0:02:36]} e5 {[%clk 0:03:07]} 7. Nf3 {[%clk 0:02:37]} Be7
{[%clk 0:03:01]} 8. Bc4 {[%clk 0:02:38]} O-O {[%clk 0:03:00]} 9. O-O
{[%clk 0:02:39]} Be6 {[%clk 0:02:52]} 10. Qe2 {[%clk 0:02:37]} Qc7
{[%clk 0:02:48]} 11. Bb3 {[%clk 0:02:27]} Nc6 {[%clk 0:02:47]} 12. Rfd1
{[%clk 0:02:22]} Na5 {[%clk 0:02:43]} 13. Nd5 {[%clk 0:02:13]} Nxd5
{[%clk 0:02:32]} 14. Bxd5 {[%clk 0:02:14]} Nc4 {[%clk 0:02:20]} 15. c3
{[%clk 0:02:12]} b5 {[%clk 0:02:18]} 16. b3 {[%clk 0:02:05]} Nxe3
{[%clk 0:02:14]} 17. Qxe3 {[%clk 0:02:05]} Bxd5 {[%clk 0:02:12]} 18. Rxd5
{[%clk 0:02:06]} Rac8 {[%clk 0:02:04]} 19. Rd3 {[%clk 0:02:02]} Qc6
{[%clk 0:01:57]} 20. Ne1 {[%clk 0:01:57]} f5 {[%clk 0:01:56]} 21. exf5
{[%clk 0:01:55]} Rxf5 {[%clk 0:01:51]} 22. Rad1 {[%clk 0:01:34]} Rcf8
{[%clk 0:01:52]} 23. f3 {[%clk 0:01:33]} h6 {[%clk 0:01:16]} 24. Qe2
{[%clk 0:01:28]} Qc5+ {[%clk 0:01:12]} 25. Kh1 {[%clk 0:01:28]} e4
{[%clk 0:00:44]} 26. Qxe4 {[%clk 0:01:15]} Re5 {[%clk 0:00:45]} 27. Qd4
{[%clk 0:01:16]} Re8 {[%clk 0:00:14]} 28. Nc2 {[%clk 0:01:04]} Re2
{[%clk 0:00:11]} 29. Nb4 {[%clk 0:00:14]} Bf6 {[%clk 0:00:06]} 30. Qg1
{[%clk 0:00:15]} Bxc3 {[%clk 0:00:03]} 31. Nd5 {[%clk 0:00:12]} Qxg1+
{[%clk 0:00:04]} 32. Kxg1 {[%clk 0:00:13]} Be5 {[%clk 0:00:03]} 33. R3d2
{[%clk 0:00:14]} Rxd2 {[%clk 0:00:04]} 34. Rxd2 {[%clk 0:00:15]} Rd8
{[%clk 0:00:03]} 35. f4 {[%clk 0:00:16]} Bf6 {[%clk 0:00:04]} 36. Rc2
{[%clk 0:00:17]} Bd4+ {[%clk 0:00:06]} 37. Kf1 {[%clk 0:00:19]} Kf7
{[%clk 0:00:05]} 38. f5 {[%clk 0:00:15]} Rd7 {[%clk 0:00:05]} 39. g4
{[%clk 0:00:15]} g6 {[%clk 0:00:06]} 40. Kg2 {[%clk 0:00:15]} h5 {[%clk 0:00:06]}
41. h3 {[%clk 0:00:17]} hxg4 {[%clk 0:00:04]} 42. hxg4 {[%clk 0:00:18]} a5
{[%clk 0:00:05]} 43. Kf3 {[%clk 0:00:19]} gxf5 {[%clk 0:00:04]} 44. gxf5
{[%clk 0:00:20]} Kg7 {[%clk 0:00:04]} 45. Rg2+ {[%clk 0:00:21]} Kf7
{[%clk 0:00:05]} 46. Ke4 {[%clk 0:00:20]} Be5 {[%clk 0:00:05]} 47. Rg1
{[%clk 0:00:18]} Rd8 {[%clk 0:00:04]} 48. Rc1 {[%clk 0:00:19]} Rd7
{[%clk 0:00:05]} 49. Rh1 {[%clk 0:00:20]} Kg7 {[%clk 0:00:04]} 50. f6+
{[%clk 0:00:22]} Kg6 {[%clk 0:00:03]} 51. Rg1+ {[%clk 0:00:23]} Kh7
{[%clk 0:00:04]} 52. Kf5 {[%clk 0:00:24]} Rd8 {[%clk 0:00:04]} 53. Ne7
{[%clk 0:00:25]} Bxf6 {[%clk 0:00:04]} 54. Kxf6 {[%clk 0:00:25]} Rf8+
{[%clk 0:00:05]} 55. Ke6 {[%clk 0:00:26]} Rf2 {[%clk 0:00:07]} 56. Nf5
{[%clk 0:00:25]} Rxa2 {[%clk 0:00:07]} 57. Rf1 {[%clk 0:00:23]} a4
{[%clk 0:00:05]} 58. Kf7 {[%clk 0:00:24]} Rh2 {[%clk 0:00:06]} 59. bxa4
{[%clk 0:00:16]} bxa4 60. Rf3 {[%clk 0:00:18]} Rh5 {[%clk 0:00:06]} 61. Kf6
{[%clk 0:00:19]} Rh1 {[%clk 0:00:04]} 62. Ra3 {[%clk 0:00:19]} Rg1
{[%clk 0:00:03]} 63. Rxa4 {[%clk 0:00:20]} Rg6+ {[%clk 0:00:04]} 64. Kf7
{[%clk 0:00:21]} 1-0

[Event "Blitz 2018"]
[Site "Saint-Petersburg"]
[Date "2018.12.30"]
[Round "13"]
[Board "62"]
[White "Potapov Pavel (RUS)"]
[Black "Antipov Mikhail Al. (RUS)"]
[Result "1-0"]
[LiveChessVersion "1.4.8"]
[BlackElo "2604"]
[WhiteElo "2542"]

1. e4 {[%clk 0:03:03]} c5 {[%clk 0:03:01]} 2. Nf3 {[%clk 0:03:03]} Nc6
{[%clk 0:03:02]} 3. Bb5 {[%clk 0:03:03]} d6 {[%clk 0:03:02]} 4. O-O
{[%clk 0:02:56]} Bd7 {[%clk 0:03:03]} 5. c3 {[%clk 0:02:56]} Nf6 {[%clk 0:03:03]}
6. Re1 {[%clk 0:02:57]} a6 {[%clk 0:03:04]} 7. Bf1 {[%clk 0:02:55]} Bg4
{[%clk 0:03:02]} 8. h3 {[%clk 0:02:48]} Bxf3 {[%clk 0:03:02]} 9. Qxf3
{[%clk 0:02:48]} e6 {[%clk 0:03:02]} 10. Na3 {[%clk 0:02:31]} Be7
{[%clk 0:02:55]} 11. Nc2 {[%clk 0:02:31]} d5 {[%clk 0:02:45]} 12. e5
{[%clk 0:02:11]} Nd7 {[%clk 0:02:45]} 13. d4 {[%clk 0:02:08]} O-O
{[%clk 0:02:28]} 14. Qg4 {[%clk 0:02:05]} g6 {[%clk 0:01:46]} 15. Bd3
{[%clk 0:01:59]} Rc8 {[%clk 0:01:15]} 16. Bh6 {[%clk 0:01:34]} Re8
{[%clk 0:01:15]} 17. a3 {[%clk 0:01:21]} a5 {[%clk 0:00:52]} 18. g3
{[%clk 0:01:20]} Qb6 {[%clk 0:00:45]} 19. Rab1 {[%clk 0:01:11]} cxd4
{[%clk 0:00:38]} 20. cxd4 {[%clk 0:01:11]} a4 {[%clk 0:00:38]} 21. h4
{[%clk 0:01:09]} Bf8 {[%clk 0:00:14]} 22. Bg5 {[%clk 0:00:55]} Bg7
{[%clk 0:00:11]} 23. h5 {[%clk 0:00:53]} Ndxe5 {[%clk 0:00:05]} 24. dxe5
{[%clk 0:00:49]} Nxe5 {[%clk 0:00:06]} 25. Qe2 {[%clk 0:00:36]} Qb3
{[%clk 0:00:07]} 26. Nb4 {[%clk 0:00:36]} Nxd3 {[%clk 0:00:05]} 27. Qxd3
{[%clk 0:00:36]} Rc4 {[%clk 0:00:04]} 28. Qxb3 {[%clk 0:00:30]} axb3
{[%clk 0:00:04]} 29. h6 {[%clk 0:00:31]} Bd4 {[%clk 0:00:04]} 30. Nxd5
{[%clk 0:00:27]} Kf8 {[%clk 0:00:04]} 31. Nf6 {[%clk 0:00:25]} Rec8
{[%clk 0:00:04]} 32. Nxh7+ {[%clk 0:00:24]} Kg8 {[%clk 0:00:05]} 33. Nf6+
{[%clk 0:00:24]} Kh8 {[%clk 0:00:06]} 34. Ne4 {[%clk 0:00:24]} Kh7
{[%clk 0:00:06]} 35. Be3 {[%clk 0:00:22]} Bxb2 {[%clk 0:00:03]} 36. Rxb2
{[%clk 0:00:20]} 1-0